Statystyki dla 15 krajów o największej liczbie zgonów Covid19 - 20 maja

Kliknij tutaj aby rozwiązać quiz!

Ogólne statystyki

  • Ten quiz został rozwiązany 38 razy
  • Średni wynik to 13 z 21

Statystyki odpowiedzi

kraj% Poprawnych
Chiny
91%
Niemcy
91%
Stany Zjednoczone
91%
Francja
86%
Hiszpania
86%
Włochy
86%
Brazylia
74%
Kanada
74%
Wielka Brytania
71%
Szwecja
60%
Szwecja
60%
Belgia
57%
Holandia
57%
Meksyk
57%
Portugalia
54%
Turcja
51%
Iran
49%
Dania
40%
Szwajcaria
31%
Irlandia
29%
Ekwador
9%

Rozkład punktacji

Percentyl według liczby udzielonych odpowiedzi

Procent ludzi z każdym wynikiem

Twoja historia wyników

Nie rozwiązałeś tego quizu